| 000 | 01059nam a2200337 i 4500 | ||
|---|---|---|---|
| 001 | 200461560 | ||
| 003 | TR-AnTOB | ||
| 005 | 20240704163802.0 | ||
| 007 | ta | ||
| 008 | 240704s1973 tu 000 0 tur d | ||
| 035 | _a(TR-AnTOB)200461560 | ||
| 040 |
_aTR-AnTOB _beng _erda _cTR-AnTOB |
||
| 041 | 1 |
_atur _hfre |
|
| 060 |
_aWZ 100 _bM584 1973 |
||
| 096 |
_aWZ100 _bM584 1973 |
||
| 100 | 1 |
_aMességué, Maurice _eauthor _9145638 |
|
| 240 | 1 | 4 |
_aDes hommes et des plantes. _lTurkish |
| 245 | 1 | 0 |
_aİnsanlar ve bitkiler / _cMaurice Mességué ; Türkçesi: Safa M. Yurdanur. |
| 250 | _aBirinci baskı. | ||
| 264 | 1 |
_aİstanbul : _bE Yayınları, _c1973. |
|
| 300 |
_a490, [1] pages ; _c20 cm |
||
| 336 |
_atext _btxt _2rdacontent |
||
| 337 |
_aunmediated _bn _2rdamedia |
||
| 338 |
_avolume _bnc _2rdacarrier |
||
| 490 | 0 |
_aBelgeler/Bilgiler/Bölgeler Dizisi ; _v5 |
|
| 650 | 2 |
_aNaturopathy _xhistory _9127673 |
|
| 650 | 0 |
_aPlants, Medicinal _9120565 |
|
| 700 | 1 |
_aYurdanur, Safa M. _etranslator _9145639 |
|
| 942 |
_2NLM _cBK |
||
| 999 |
_c200461560 _d79772 |
||